Pre kategorizáciu ubytovacích a pohostinských zariadení musia platiť jednotné pravidlá

Opravená verzia článku z Trendu č. 14/1996 o vyhláške MH SR č. 125/1995 Z.z., ktorou sa upravuje kategorizácia pohostinských prevádzkarní a ubytovacích zariadení. Úprava kategorizácie hygienických zariadení.

Saved in:
Bibliographic Details
Main Author: Janegová, Vlasta
Format: Book Chapter
Language:Slovak
Subjects:
Tags: Add Tag
No Tags, Be the first to tag this record!

MARC

LEADER 00000naa a2200000 4500
001 r020906
005 20230921074202.3
041 0 |a slo 
044 |a SK 
245 1 0 |a Pre kategorizáciu ubytovacích a pohostinských zariadení musia platiť jednotné pravidlá  |c V. Janegová 
520 |a Opravená verzia článku z Trendu č. 14/1996 o vyhláške MH SR č. 125/1995 Z.z., ktorou sa upravuje kategorizácia pohostinských prevádzkarní a ubytovacích zariadení. Úprava kategorizácie hygienických zariadení. 
610 2 0 |a Slovensko 
610 2 0 |a zariadenia stravovacie 
610 2 0 |a zariadenia ubytovacie 
610 2 0 |a vyhlášky 
610 2 0 |a predpisy 
610 2 0 |a pohostinstvo 
610 2 0 |a 1995 
100 1 |a Janegová, Vlasta